000
00224nam a2200085Ia 4500
245
0
_a
Get to know wedges
100
_a
Christiansen, Jennifer New York, 2009
942
_c
BK
008
210818s9999 xx 000 0 und d
999
_c
428757
_d
428756